000 01136cam a22002773a 4500
001 715
003 PGUSA
005 20140828082952.0
008 961101s1996||||xxu|||||s|||||000 p eng d
040 _aPGUSA
_beng
042 _adc
050 4 _aPR
100 1 _aBuchan, John,
_d1875-1940
245 1 4 _aThe Moon Endureth :
_bTales and Fancies
_h[electronic resource] /
_cJohn Buchan
260 _bProject Gutenberg,
_c1996
505 0 _aFrom the Pentlands looking north and south -- The company of the Marjolaine, Avignon, 1759 -- A lucid interval -- The shorter catechism -- The Lemnian, Atta's song -- Space, Stocks and stones -- Streams of water in the south --The gipsy's song to the Lady Cassilis -- The grove of Ashtaroth, Wood magic -- The riding of Ninemileburn -- Plain folk -- The kings of Orion. Babylon -- The rime of true Thomas.
506 _aPublic domain in the USA.
516 _aElectronic text
653 _aScience fiction
653 _aFantasy fiction
653 _aShort stories
653 _aPoetry
830 0 _aProject Gutenberg
_v715
856 4 0 _uhttp://www.gutenberg.org/ebooks/715
942 _cEB
999 _c230066
_d230066